00690nam a22002177a 4500003000500000005001700005008004100022010001000063011001000073035001000083040000900093082001700102110005300119245006200172260004500234300000900279490006100288650002400349650003800373830006100411CHAP20220329135839.0971013s1934 r 00010 d a43200 a44172 a48310 cCHAP a338.972bM48 aMéxico. Secretaría de la Economía Nacional aCuadro de la situación económica novo-hispana en 1788 aMéxico, D.F. :bLa Secretaría,c1934 a92 p aDocumentos para la historia económica en Méxicov; 214aComerciozMéxico.14aPolítica económicazMéxico.0 aDocumentos para la historia económica en Méxicov; 2